000 00947nam a2200289 a 4500
001
003 OSt
005 20211109070345.0
008 130405s1990 dr 000 0 spa d
040 _aDO-SdBNP
_bspa
_cBPMSU
082 _a320.9729
_bB742p,1990
_222
100 1 _a Bosch, Juan,
_d1909-2001
_91
245 1 0 _aPoker de espanto en el Caribe /
_cJuan Bosch.
250 _a3a ed.
260 _aSanto Domingo :
_bAlfa y Omega,
_c1990.
300 _a217 p. ;
_c22 cm.
500 _aIncluye notas al pie de las páginas
590 _aInventariado, 2021/VM
600 1 4 _aPérez Jiménez, Marcos,
_d1914-2001
600 1 4 _aBatista y Zaldivar, Fulgencio,
_d1901 - 1973
600 1 4 _aSomoza García, Anatasio,
_d1896 - 1956
600 1 4 _aTrujillo Molina, Rafael Leónidas,
_d 1891-1961
651 4 _aRepública Dominicana
_xPolítica y gobierno
651 4 _aCaribe (Región)
_xPolítica y gobierno
910 _aVMateo V
942 _2ddc
_cBK
999 _c13857
_d13857